[Event "Krefeld op"]
[Site "Krefeld"]
[Date "2023.08.04"]
[Round "4"]
[White "Vestrick, Frank"]
[Black "Golke, Philipp"]
[Result "0-1"]
[WhiteElo "1827"]
[BlackElo "1347"]
[PlyCount "58"]
[EventDate "2023.08.02"]
[EventType "swiss"]
[EventRounds "9"]
[EventCountry "GER"]
[SourceTitle "CBM 215 Extra"]
[Source "ChessBase"]
[SourceDate "2023.09.30"]
[SourceVersion "1"]
[SourceVersionDate "2023.09.30"]
[SourceQuality "1"]

1. d4 d5 2. c4 e6 3. Nc3 Nf6 4. Nf3 Nbd7 5. Bg5 Be7 6. e3 b6 7. Rc1 Bb7 8. Be2 c5 9. 0-0 0-0 10. Re1 h6 11. Bh4 Rc8 12. cxd5 Nxd5 13. Bxe7 Qxe7 14. Qa4 a5 15. Red1 Rfd8 16. a3 Bc6 17. Bb5 Nxc3 18. Rxc3 Bxf3 19. gxf3 Qg5+ 20. Kh1 Nf6 21. dxc5 Rxd1+ 22. Qxd1 Rxc5 23. Qd8+ Kh7 24. Bd3+ g6 25. Qxb6 Rxc3 26. bxc3 Qd5 27. Be2 Qd2 28. Qd4 Qxe2 29. Qxf6 Qf1# 0-1

[Event "Krefeld op"]
[Site "Krefeld"]
[Date "2022.08.07"]
[Round "6"]
[White "Vestrick, Frank"]
[Black "Roth, Jan Paul"]
[Result "1-0"]
[WhiteElo "1867"]
[BlackElo "1658"]
[PlyCount "129"]
[EventDate "2022.08.04"]
[EventType "swiss"]
[EventRounds "9"]
[EventCountry "GER"]
[SourceTitle "CBM 209 Extra"]
[Source "ChessBase"]
[SourceDate "2022.09.30"]
[SourceVersion "1"]
[SourceVersionDate "2022.09.30"]
[SourceQuality "1"]

1. d4 Nf6 2. c4 e6 3. Nc3 Bb4 4. f3 d5 5. a3 Bxc3+ 6. bxc3 0-0 7. e3 Nbd7 8. Bd3 b6 9. cxd5 exd5 10. Ne2 Re8 11. 0-0 Bb7 12. Ng3 c5 13. Qc2 Qc7 14. Bd2 c4 15. Be2 Nf8 16. Rae1 Bc6 17. Bd1 Qb7 18. Re2 Re6 19. Be1 Rae8 20. Bf2 g6 21. Rfe1 b5 22. Nf1 a5 23. Qb1 N6d7 24. g4 Nb8 25. Bc2 Na6 26. e4 b4 27. axb4 axb4 28. cxb4 Nxb4 29. Nd2 Nxc2 30. Qxc2 Rc8 31. Ra1 Ree8 32. e5 Ne6 33. Be3 Ra8 34. Ree1 Rxa1 35. Rxa1 Ra8 36. Rb1 Qc7 37. Qb2 Qa5 38. Qb6 Qxb6 39. Rxb6 Ba4 40. Nb1 Rc8 41. Nc3 Bc6 42. Kf2 Kf8 43. f4 Ng7 44. Bc1 h5 45. h3 hxg4 46. hxg4 Ke8 47. Ba3 Kd7 48. Ke3 Ra8 49. Bd6 Ra1 50. Rb8 Ra8 51. Rb6 Ra1 52. Rb8 Ra8 53. Rxa8 Bxa8 54. Bf8 Ne6 55. Bd6 Bc6 56. f5 gxf5 57. gxf5 Nd8 58. Kf4 Nb7 59. Bb4 Nd8 60. Kg5 Ke8 61. Kf6 Bb7 62. Nb5 Kd7 63. Ba5 Ba6 64. Nc3 Nc6 65. Bb6 1-0

[Event "Krefeld op"]
[Site "Krefeld"]
[Date "2022.08.05"]
[Round "3"]
[White "Huesmann, Thomas"]
[Black "Vestrick, Frank"]
[Result "1-0"]
[WhiteElo "2193"]
[BlackElo "1867"]
[PlyCount "35"]
[EventDate "2022.08.04"]
[EventType "swiss"]
[EventRounds "9"]
[EventCountry "GER"]
[SourceTitle "CBM 209 Extra"]
[Source "ChessBase"]
[SourceDate "2022.09.30"]
[SourceVersion "1"]
[SourceVersionDate "2022.09.30"]
[SourceQuality "1"]

1. e4 d6 2. d4 Nf6 3. Nc3 g6 4. Be3 Bg7 5. Qd2 c6 6. 0-0-0 b5 7. f3 Qa5 8. Kb1 b4 9. Nce2 Be6 10. Nc1 Nbd7 11. g4 Nb6 12. h4 Na4 13. Nb3 Bxb3 14. cxb3 Nb6 15. h5 0-0-0 16. h6 Bf8 17. a3 c5 18. dxc5 1-0

[Event "Muensterland Verbandsklasse playoff"]
[Site "Germany"]
[Date "2022.04.23"]
[Round "2.6"]
[White "Weber, Stefan"]
[Black "Vestrick, Frank"]
[Result "0-1"]
[WhiteElo "1144"]
[BlackElo "1797"]
[PlyCount "44"]
[EventDate "2022.04.02"]
[EventType "team-tourn"]
[EventRounds "5"]
[EventCountry "GER"]
[SourceTitle "EXT 2023"]
[Source "ChessBase"]
[SourceDate "2022.10.05"]
[SourceVersion "1"]
[SourceVersionDate "2022.10.05"]
[SourceQuality "1"]
[WhiteTeam "Reckenfeld"]
[BlackTeam "Heiden"]
[WhiteTeamCountry "GER"]
[BlackTeamCountry "GER"]

1. e4 d6 2. Nf3 Nf6 3. Bc4 Nxe4 4. d3 Nf6 5. Nc3 d5 6. Bb3 c6 7. 0-0 Bg4 8. h3 Bh5 9. Bg5 Nfd7 10. Re1 h6 11. Bh4 g5 12. Bg3 g4 13. hxg4 Bxg4 14. Qe2 h5 15. Nd1 h4 16. Be5 Nxe5 17. Qxe5 e6 18. Nh2 Bd6 19. Qd4 Rg8 20. f3 Bh5 21. Ne3 Nd7 22. Nf5 Bc5 0-1

[Event "Muensterland Verbandsklasse playoff"]
[Site "Germany"]
[Date "2022.04.02"]
[Round "1.6"]
[White "Vestrick, Frank"]
[Black "Spoeler, Gerd"]
[Result "1-0"]
[WhiteElo "1797"]
[BlackElo "1633"]
[PlyCount "43"]
[EventDate "2022.04.02"]
[EventType "team-tourn"]
[EventRounds "5"]
[EventCountry "GER"]
[SourceTitle "EXT 2023"]
[Source "ChessBase"]
[SourceDate "2022.10.05"]
[SourceVersion "1"]
[SourceVersionDate "2022.10.05"]
[SourceQuality "1"]
[WhiteTeam "Heiden"]
[BlackTeam "Heiden II"]
[WhiteTeamCountry "GER"]
[BlackTeamCountry "GER"]

1. d4 d5 2. c4 c6 3. Nc3 Nf6 4. Nf3 e6 5. Bg5 Nbd7 6. e3 Bb4 7. Qc2 h6 8. Bh4 Qa5 9. Nd2 Ne4 10. Ndxe4 dxe4 11. Be2 0-0 12. 0-0 Bxc3 13. bxc3 f5 14. Be7 Rf7 15. Bd6 Nf6 16. Qb3 Qd8 17. c5 Kh7 18. f3 exf3 19. Rxf3 Ne4 20. Rc1 Nxd6 21. cxd6 Qxd6 22. e4 1-0

[Event "Muensterland Verbandsklasse 2122"]
[Site "Germany"]
[Date "2021.11.06"]
[Round "2.6"]
[White "Krimphove, Martin"]
[Black "Vestrick, Frank"]
[Result "0-1"]
[WhiteElo "1480"]
[BlackElo "1782"]
[PlyCount "70"]
[EventDate "2021.09.25"]
[EventType "team-tourn"]
[EventRounds "2"]
[EventCountry "GER"]
[SourceTitle "EXT 2023"]
[Source "ChessBase"]
[SourceDate "2022.10.05"]
[SourceVersion "1"]
[SourceVersionDate "2022.10.05"]
[SourceQuality "1"]
[WhiteTeam "Duelmen II"]
[BlackTeam "Heiden"]
[WhiteTeamCountry "GER"]
[BlackTeamCountry "GER"]

1. e4 d6 2. d4 Nf6 3. Nc3 g6 4. Nf3 Bg7 5. Be2 0-0 6. Be3 c6 7. Qd2 b5 8. a3 Qc7 9. Bh6 e5 10. Bxg7 Kxg7 11. 0-0 a6 12. Rad1 Re8 13. dxe5 dxe5 14. Qd6 Ra7 15. Rd2 Bg4 16. Rfd1 Nbd7 17. Qxc7 Rxc7 18. b4 Nb6 19. h3 Bxf3 20. gxf3 Nh5 21. Kg2 Nf4+ 22. Kg3 Ree7 23. Bf1 Red7 24. Rxd7 Rxd7 25. Rxd7 Nxd7 26. Ne2 Ne6 27. c3 Nb6 28. Nc1 Na4 29. c4 Nd4 30. cxb5 axb5 31. Nd3 f6 32. f4 Nc3 33. Bg2 Nce2+ 34. Kg4 h5+ 35. Kh4 Kh6 0-1

[Event "Muensterland Verbandsklasse 2122"]
[Site "Germany"]
[Date "2021.09.25"]
[Round "1.6"]
[White "Vestrick, Frank"]
[Black "Spoeler, Gerd"]
[Result "1-0"]
[WhiteElo "1773"]
[BlackElo "1646"]
[PlyCount "65"]
[EventDate "2021.09.25"]
[EventType "team-tourn"]
[EventRounds "2"]
[EventCountry "GER"]
[SourceTitle "EXT 2023"]
[Source "ChessBase"]
[SourceDate "2022.10.05"]
[SourceVersion "1"]
[SourceVersionDate "2022.10.05"]
[SourceQuality "1"]
[WhiteTeam "Heiden"]
[BlackTeam "Heiden II"]
[WhiteTeamCountry "GER"]
[BlackTeamCountry "GER"]

1. d4 d5 2. c4 c6 3. Nc3 e6 4. Nf3 Nf6 5. Bg5 Be7 6. e3 Qa5 7. Qc2 Ne4 8. Bxe7 Kxe7 9. Bd3 f5 10. 0-0 Nd7 11. Rae1 h6 12. Nd2 Ndf6 13. f3 Ng5 14. e4 f4 15. Nb3 Qd8 16. exd5 cxd5 17. cxd5 Nxd5 18. Nxd5+ Qxd5 19. Bc4 Qd6 20. h4 Nf7 21. Qg6 Re8 22. Qxg7 Bd7 23. Rf2 Rh8 24. Qg6 Rag8 25. Qd3 b6 26. Rfe2 Nd8 27. d5 Kf8 28. Qe4 e5 29. Qxe5 Qxe5 30. Rxe5 Rh7 31. R1e4 Rhg7 32. Rxf4+ Nf7 33. Re2 1-0

[Event "Muensterland Verbandsklasse 1920"]
[Site "Germany"]
[Date "2020.02.29"]
[Round "7.8"]
[White "May, Peter"]
[Black "Vestrick, Frank"]
[Result "0-1"]
[WhiteElo "1601"]
[BlackElo "1719"]
[PlyCount "69"]
[EventDate "2019.09.14"]
[EventType "team-tourn"]
[EventRounds "7"]
[EventCountry "GER"]
[SourceTitle "EXT 2023"]
[Source "ChessBase"]
[SourceDate "2022.10.05"]
[SourceVersion "1"]
[SourceVersionDate "2022.10.05"]
[SourceQuality "1"]
[WhiteTeam "Hiltrup"]
[BlackTeam "Heiden"]
[WhiteTeamCountry "GER"]
[BlackTeamCountry "GER"]

1. e4 d6 2. d4 Nf6 3. Nc3 g6 4. Bg5 Bg7 5. Bc4 0-0 6. Qd2 c6 7. Nge2 b5 8. Bd3 e5 9. Rd1 Qc7 10. d5 b4 11. Na4 c5 12. c4 Bd7 13. Bxf6 Bxf6 14. Bc2 Bg7 15. 0-0 Qd8 16. Qd3 f5 17. exf5 gxf5 18. f4 e4 19. Qe3 Bxa4 20. Bxa4 Bxb2 21. Qd2 Bg7 22. Bc6 Nxc6 23. dxc6 Rf6 24. Ng3 Qf8 25. Qd5+ Kh8 26. Nh5 Rg6 27. Ng3 Bd4+ 28. Rxd4 cxd4 29. Qxd4+ Qf6 30. Qd5 Rag8 31. Rd1 h5 32. c7 h4 33. Nh5 Rxg2+ 34. Kh1 Qb2 35. Qd4+ 0-1

[Event "Muensterland Verbandsklasse 1920"]
[Site "Germany"]
[Date "2019.09.14"]
[Round "1.7"]
[White "Skrodzki, Heinz Werner"]
[Black "Vestrick, Frank"]
[Result "0-1"]
[WhiteElo "1526"]
[BlackElo "1667"]
[PlyCount "93"]
[EventDate "2019.09.14"]
[EventType "team-tourn"]
[EventRounds "7"]
[EventCountry "GER"]
[SourceTitle "EXT 2023"]
[Source "ChessBase"]
[SourceDate "2022.10.05"]
[SourceVersion "1"]
[SourceVersionDate "2022.10.05"]
[SourceQuality "1"]
[WhiteTeam "Heiden II"]
[BlackTeam "Heiden"]
[WhiteTeamCountry "GER"]
[BlackTeamCountry "GER"]

1. d4 Nf6 2. c4 g6 3. Nc3 Bg7 4. e4 d6 5. Be2 0-0 6. Bg5 h6 7. Bh4 Nbd7 8. f4 c6 9. e5 Ne8 10. Nf3 Nb6 11. 0-0 Bg4 12. Kh1 Qc7 13. Nd2 Be6 14. Rc1 dxe5 15. fxe5 Rd8 16. Bf2 Bf5 17. Nf3 Nd7 18. Bg3 e6 19. Nh4 c5 20. Nxf5 gxf5 21. Bh4 f6 22. Nb5 Qb6 23. exf6 Nexf6 24. Qb3 a6 25. Na3 Qxb3 26. axb3 cxd4 27. c5 Ne5 28. Nc4 Nc6 29. Nd6 b5 30. Bf3 Nb4 31. Bg3 Nfd5 32. c6 f4 33. c7 Nxc7 34. Be1 Ncd5 35. Ne4 Nd3 36. Rc6 Ne3 37. Kg1 Nxf1 38. Kxf1 Rc8 39. Rxe6 Nxb2 40. Nd6 Rc2 41. Bd5 Rc5 42. Bf3 Re5 43. Rxe5 Bxe5 44. Bd5+ Kg7 45. Ne4 Nd1 46. Ke2 Ne3 47. Bb4 0-1

[Event "Muensterland Verbandsliga 1617"]
[Site "Germany"]
[Date "2017.05.06"]
[Round "9.5"]
[White "Hofene, Josef"]
[Black "Vestrick, Frank"]
[Result "1/2-1/2"]
[WhiteElo "1672"]
[BlackElo "1706"]
[PlyCount "41"]
[EventDate "2016.09.10"]
[EventType "team"]
[EventRounds "9"]
[EventCountry "GER"]
[SourceTitle "EXT 2018"]
[Source "ChessBase"]
[SourceDate "2017.10.13"]
[SourceVersion "1"]
[SourceVersionDate "2017.10.13"]
[SourceQuality "1"]
[WhiteTeam "Beelen"]
[BlackTeam "Heiden"]
[WhiteTeamCountry "GER"]
[BlackTeamCountry "GER"]

1. e4 d6 2. d4 Nf6 3. Nc3 g6 4. Bc4 Bg7 5. Nf3 c6 6. 0-0 b5 7. Bd3 Nbd7 8. Re1 b4 9. Ne2 e5 10. c3 c5 11. Qa4 Qc7 12. dxe5 dxe5 13. cxb4 0-0 14. Be3 Qd6 15. Rad1 cxb4 16. Bb1 Qb8 17. h3 a5 18. Rd2 Ba6 19. Ng3 Bb5 20. Qb3 Qb7 21. Red1 1/2-1/2

[Event "Muensterland Verbandsliga 1617"]
[Site "Germany"]
[Date "2016.10.01"]
[Round "2.5"]
[White "Kuhlenbaeumer, Alfred"]
[Black "Vestrick, Frank"]
[Result "1-0"]
[WhiteElo "1885"]
[BlackElo "1706"]
[PlyCount "117"]
[EventDate "2016.09.10"]
[EventType "team"]
[EventRounds "9"]
[EventCountry "GER"]
[SourceTitle "EXT 2018"]
[Source "ChessBase"]
[SourceDate "2017.10.13"]
[SourceVersion "1"]
[SourceVersionDate "2017.10.13"]
[SourceQuality "1"]
[WhiteTeam "Telgte"]
[BlackTeam "Heiden"]
[WhiteTeamCountry "GER"]
[BlackTeamCountry "GER"]

1. e4 g6 2. f4 d6 3. Nf3 Bg7 4. Bc4 Nf6 5. Nc3 c6 6. 0-0 0-0 7. a4 Nxe4 8. Nxe4 d5 9. Bd3 dxe4 10. Bxe4 Nd7 11. c3 Nc5 12. Qe2 Nxe4 13. Qxe4 Bf5 14. Qb4 Qb6+ 15. Qxb6 axb6 16. Re1 e6 17. b4 Ra7 18. h3 Rfa8 19. g4 Bc2 20. d4 Rxa4 21. Rxa4 Rxa4 22. Bd2 Ra2 23. Kf2 Bb3 24. Ke3 Bd5 25. Ne5 Bf8 26. Nd7 Ra6 27. Nf6+ Kg7 28. Nxd5 exd5 29. Kd3 Ra8 30. h4 Bd6 31. Kc2 Kf8 32. Kd3 Be7 33. h5 Bd6 34. f5 Kg7 35. h6+ Kg8 36. fxg6 hxg6 37. g5 c5 38. dxc5 bxc5 39. bxc5 Bxc5 40. Bf4 Rc8 41. Be5 Kh7 42. Bf6 Rc6 43. Bg7 Re6 44. Ra1 Re3+ 45. Kd2 Re8 46. Bf6 Re6 47. Rf1 Be7 48. Bxe7 Rxe7 49. Kd3 f5 50. gxf6 Rf7 51. Kd4 Kxh6 52. Kxd5 g5 53. c4 Kg6 54. Ke5 g4 55. Rf4 Kg5 56. Rf5+ Kg6 57. c5 g3 58. Rf3 Rxf6 59. Rxf6+ 1-0

[Event "Dortmund Sparkassen op-B 44th"]
[Site "Dortmund"]
[Date "2016.07.13"]
[Round "5"]
[White "Turp, Hueseyin"]
[Black "Vestrick, Frank"]
[Result "0-1"]
[WhiteElo "1510"]
[BlackElo "1781"]
[PlyCount "128"]
[EventDate "2016.07.09"]
[EventType "swiss"]
[EventRounds "9"]
[EventCountry "GER"]
[SourceTitle "CBM 173 Extra"]
[Source "ChessBase"]
[SourceDate "2016.08.29"]
[SourceVersion "1"]
[SourceVersionDate "2016.08.29"]
[SourceQuality "1"]

1. d4 Nf6 2. Nf3 g6 3. h3 Bg7 4. Bf4 d6 5. e3 0-0 6. Be2 Nbd7 7. 0-0 c6 8. Nbd2 Qc7 9. c3 Nd5 10. Bh2 e5 11. Kh1 h6 12. Bc4 Ne7 13. Bb3 Kh7 14. a4 f5 15. Nc4 Nd5 16. Ncd2 f4 17. c4 Ne7 18. Bc2 Kh8 19. Nh4 g5 20. Ng6+ Nxg6 21. Bxg6 exd4 22. exf4 gxf4 23. Nf3 Ne5 24. Nxe5 dxe5 25. Qd3 Be6 26. b3 Qd7 27. Rae1 Qd6 28. Re2 Bf7 29. Bf5 Bh5 30. Ree1 Qf6 31. Be4 Qe6 32. f3 Rg8 33. Bh7 Rgf8 34. Be4 Qd7 35. Re2 Bf7 36. Rfe1 Be6 37. Rg1 Bf6 38. Rge1 Rg8 39. Bg6 Qg7 40. Be4 Bh4 41. Ra1 Qf6 42. Qd1 Rg7 43. Qf1 Rag8 44. Bc2 Rg5 45. Qd1 Rh5 46. Qf1 Bg3 47. Bxg3 Rxg3 48. Rae1 Bxh3 49. Kg1 Rhg5 50. Rd1 Bxg2 51. Rxg2 Rxg2+ 52. Qxg2 Rxg2+ 53. Kxg2 Qg5+ 54. Kf1 Qg3 55. Be4 Qh2 56. Ke1 Qg1+ 57. Ke2 Qe3+ 58. Kf1 Qxb3 59. Rb1 Qxc4+ 60. Kf2 b6 61. Kg2 d3 62. Kh2 d2 63. Kh3 Qe2 64. Kh4 Qe1+ 0-1

[Event "Muensterland Verbandsliga 1516"]
[Site "Germany"]
[Date "2015.12.12"]
[Round "4.5"]
[White "Waeltermann, Thomas"]
[Black "Vestrick, Frank"]
[Result "0-1"]
[WhiteElo "1777"]
[BlackElo "1740"]
[PlyCount "71"]
[EventDate "2015.09.12"]
[EventType "team"]
[EventRounds "9"]
[EventCountry "GER"]
[SourceTitle "EXT 2017"]
[Source "ChessBase"]
[SourceDate "2016.10.25"]
[SourceVersion "1"]
[SourceVersionDate "2016.10.25"]
[SourceQuality "1"]
[WhiteTeam "Beelen"]
[BlackTeam "Heiden"]
[WhiteTeamCountry "GER"]
[BlackTeamCountry "GER"]

1. e4 g6 2. d4 d6 3. Nf3 Bg7 4. Bd3 Nf6 5. c3 0-0 6. Nbd2 c6 7. Nc4 Nxe4 8. Bxe4 d5 9. Bd3 dxc4 10. Bxc4 Qc7 11. Be3 Bg4 12. h3 Bf5 13. Qb3 e6 14. 0-0-0 b5 15. Bd3 Bxd3 16. Rxd3 Nd7 17. Rhd1 Nb6 18. Bg5 a5 19. Bh4 Bh6+ 20. Bg5 Bxg5+ 21. Nxg5 Qf4+ 22. Kb1 Qxg5 23. Rg3 Qd5 24. Qc2 Qf5 25. Rdd3 Nd5 26. Rgf3 Qg5 27. Rg3 Qe7 28. Qd2 Kg7 29. h4 Nf6 30. Qg5 Rad8 31. Rde3 Nd5 32. Qe5+ Qf6 33. h5 Qxe5 34. Rxe5 Nf6 35. hxg6 hxg6 36. Rc5 0-1

[Event "Dortmund Sparkassen op-B"]
[Site "Dortmund"]
[Date "2015.07.02"]
[Round "6"]
[White "Vestrick, Frank"]
[Black "Biermann, Lenhard"]
[Result "0-1"]
[WhiteElo "1747"]
[BlackElo "1661"]
[PlyCount "80"]
[EventDate "2015.06.27"]
[EventType "swiss"]
[EventRounds "9"]
[EventCountry "GER"]
[SourceTitle "CBM 167 Extra"]
[Source "ChessBase"]
[SourceDate "2015.09.14"]
[SourceVersion "1"]
[SourceVersionDate "2015.09.14"]
[SourceQuality "1"]

1. d4 e6 2. c4 Nf6 3. Nc3 Bb4 4. Nf3 b6 5. Bg5 Bb7 6. e3 0-0 7. Rc1 d5 8. cxd5 exd5 9. a3 Be7 10. Bd3 Nbd7 11. 0-0 c5 12. Re1 Re8 13. Bb1 Rc8 14. Re2 h6 15. Bh4 Ne4 16. Bxe7 Qxe7 17. Rec2 Nxc3 18. Rxc3 Red8 19. Bf5 c4 20. Ne5 Bc6 21. Qe2 Rc7 22. Bxd7 Bxd7 23. Qf3 Be6 24. b4 b5 25. Rb1 Kh7 26. g4 f6 27. Qe2 fxe5 28. dxe5 Qg5 29. h3 Qxe5 30. Qc2+ Kg8 31. Rd1 d4 32. f4 Qf6 33. exd4 Rxd4 34. Re3 Rcd7 35. Rde1 Bf7 36. Qg2 Rd8 37. g5 hxg5 38. fxg5 Qb6 39. g6 Bxg6 40. Re6 R4d6+ 0-1

[Event "Dortmund Sparkassen op-B"]
[Site "Dortmund"]
[Date "2015.06.30"]
[Round "4"]
[White "Vestrick, Frank"]
[Black "Boerkey, Luis"]
[Result "0-1"]
[WhiteElo "1747"]
[BlackElo "1421"]
[PlyCount "71"]
[EventDate "2015.06.27"]
[EventType "swiss"]
[EventRounds "9"]
[EventCountry "GER"]
[SourceTitle "CBM 167 Extra"]
[Source "ChessBase"]
[SourceDate "2015.09.14"]
[SourceVersion "1"]
[SourceVersionDate "2015.09.14"]
[SourceQuality "1"]

1. d4 Nf6 2. c4 e6 3. Nc3 Bb4 4. f3 d5 5. a3 Bd6 6. Bg5 c6 7. e4 dxe4 8. fxe4 e5 9. d5 0-0 10. b4 Be7 11. c5 Nxd5 12. exd5 Bxg5 13. d6 e4 14. Bc4 Qf6 15. Nge2 Be6 16. Rf1 Qe5 17. Bxe6 Qxe6 18. Kf2 Nd7 19. Kg1 b6 20. Nd4 Be3+ 21. Kh1 Qc4 22. Nce2 bxc5 23. Nxc6 cxb4 24. Ne7+ Kh8 25. axb4 Qxb4 26. Qd5 Nf6 27. Qe5 Qd2 28. Rxf6 Qxe2 29. Rff1 Rad8 30. Rfe1 Qd2 31. Rad1 Qc2 32. Nf5 f6 33. Nxe3 Qxd1 34. Rxd1 fxe5 35. Nc4 Rf5 36. Na5 0-1

[Event "Muensterland Verbandsliga 1314"]
[Site "Germany"]
[Date "2014.03.15"]
[Round "7.5"]
[White "Kaiser, Guenter"]
[Black "Vestrick, Frank"]
[Result "0-1"]
[WhiteElo "1643"]
[BlackElo "1730"]
[PlyCount "66"]
[EventDate "2013.09.07"]
[EventType "team-tourn"]
[EventRounds "9"]
[EventCountry "GER"]
[SourceTitle "EXT 2015"]
[Source "ChessBase"]
[SourceDate "2014.11.20"]
[SourceVersion "1"]
[SourceVersionDate "2014.11.20"]
[SourceQuality "1"]
[WhiteTeam "Ochtrup"]
[BlackTeam "Heiden"]
[WhiteTeamCountry "GER"]
[BlackTeamCountry "GER"]

1. e4 d6 2. d4 g6 3. Nc3 Bg7 4. Nf3 Nf6 5. Be2 0-0 6. 0-0 Nc6 7. Bf4 a6 8. Qd2 Qe8 9. Bh6 e5 10. Bxg7 Kxg7 11. Nd5 Qd8 12. Nxf6 Qxf6 13. d5 Nb8 14. c4 Qe7 15. Rac1 Nd7 16. b4 f5 17. exf5 gxf5 18. Rc3 Nf6 19. Qg5+ Kh8 20. Qh4 Rg8 21. Nd2 Nxd5 22. Qxe7 Nxe7 23. Bf3 Rb8 24. Rd1 Be6 25. a3 e4 26. Be2 Nc6 27. Nb3 Ne5 28. Nd4 Bd7 29. f3 exf3 30. Nxf3 Bc6 31. Kf2 Ng4+ 32. Kg1 Rbe8 33. Bf1 Ne3 0-1